Aviation Knowledge Quiz - Statistics

General Stats
  • This quiz has been taken 2,366 times
  • The average score is 8 of 10
Answer Stats
Question Answer % Correct
What means "APU"? Auxiliary Power Unit
90%
What "TOGA" means? Take Off Go Around
89%
Which one is the biggest plane ever created? Antonov 225 Mriya
85%
What means "ILS" Instrument Landing System
85%
What is APU? Engine
80%
Which aircraft was involved in the two airplane accidents caused by the MCAS system Boeing 737 MAX
76%
Which of these airlines has never had a fatal plane crash? Quantas
74%
What plane model was involved in the Hudson landing? Airbus A320
64%
What speed could the Concorde reach? Mach 2.04
64%
During takeoff a pilot calls "V1", what does it mean? The speed beyond which the pilot should not abort the takeoff.
57%
No matching quizzes found
Score Distribution
Percent of People with Each Score
Percentile by Number Answered
Your Score History
You have not taken this quiz